Rice cropping system in angkor chey district, kampot province; ប្រព័ន្ធដំណាំស្រូវក្នុង ស្រុកអង្គរជ័យខេត្តកំពត (Record no. 7754)

000 -LEADER
fixed length control field 00592nam a22001577a 4500
003 - CONTROL NUMBER IDENTIFIER
control field OSt
005 - DATE AND TIME OF LATEST TRANSACTION
control field 20160323135738.0
008 - FIXED-LENGTH DATA ELEMENTS--GENERAL INFORMATION
fixed length control field 160323b xxu||||| |||| 00| 0 eng d
040 ## - CATALOGING SOURCE
Transcribing agency RUA
082 ## - DEWEY DECIMAL CLASSIFICATION NUMBER
Classification number AGR LY 2011 B470 Or.1
100 ## - MAIN ENTRY--PERSONAL NAME
9 (RLIN) 8141
Personal name LY SELAKIRY; លី សិលាគីរី
245 ## - TITLE STATEMENT
Title Rice cropping system in angkor chey district, kampot province; ប្រព័ន្ធដំណាំស្រូវក្នុង ស្រុកអង្គរជ័យខេត្តកំពត
260 ## - PUBLICATION, DISTRIBUTION, ETC. (IMPRINT)
Place of publication, distribution, etc. Phnom Penh
Name of publisher, distributor, etc. RUA
Date of publication, distribution, etc. 2011
300 ## - PHYSICAL DESCRIPTION
Extent xi;60p.
Other physical details ill.
Dimensions 29cm.
942 ## - ADDED ENTRY ELEMENTS (KOHA)
Source of classification or shelving scheme
Koha item type AGR
Holdings
Price effective from Date last seen Permanent Location Not for loan Date acquired Source of classification or shelving scheme Koha item type Lost status Damaged status Shelving location Withdrawn status Current Location Full call number
2016-03-232016-03-23Library Block B 2016-03-23 AGR  B470 Library Block BAGR LY 2011 B470 Or.1
មជ្ឈមណ្ឌលឯការនៃសាកលវិទ្យាល័យភូមិន្ទកសិកម្មចំការដូង

Powered by Koha